Herman Hertzberger / (Record no. 7723)

000 -LEADER
fixed length control field 01627cam a2200241 i 4500
003 - CONTROL NUMBER IDENTIFIER
control field OSt
005 - DATE AND TIME OF LATEST TRANSACTION
control field 20200513134308.0
008 - FIXED-LENGTH DATA ELEMENTS--GENERAL INFORMATION
fixed length control field 150109t20152015ne ae bc 000 0 eng d
020 ## - INTERNATIONAL STANDARD BOOK NUMBER
International Standard Book Number 9789462082038
Qualifying information (hardback)
082 04 - DEWEY DECIMAL CLASSIFICATION NUMBER
Classification number 720.92
Edition number 23
084 ## - OTHER CLASSIFICATION NUMBER
Classification number 21.62
Source of number bcl
100 1# - MAIN ENTRY--PERSONAL NAME
Personal name Herzberger, Herman,
Relator term architect.
245 10 - TITLE STATEMENT
Title Herman Hertzberger /
Statement of responsibility, etc Robert McCarter.
300 ## - PHYSICAL DESCRIPTION
Extent 524 pages :
Other physical details illustrations (chiefly color), plans ;
Dimensions 31 cm
504 ## - BIBLIOGRAPHY, ETC. NOTE
Bibliography, etc Includes bibliographical references.
505 0# - FORMATTED CONTENTS NOTE
Formatted contents note Beginnings: towards an architecture shaped by the life that takes place within it -- Housing -- Schools -- Workplaces -- Cultural buildings -- Urban designs -- Space and the life-world: lessons from the experience of architecture.
520 ## - SUMMARY, ETC.
Summary, etc Herman Hertzberger is one of the most important and critically influential figures in international architecture of the last 50 years. He has consistently championed a fundamentally humanist modern architecture, rooted in its place and history, while simultaneously opening up new possibilities for dwelling. In this monograph, Robert McCarter examines Hertzberger's most important architectural works through analysis of the design process and guiding ideas, particularly as these reflect Hertzberger's engagement with the Modernist tradition, architectural history, urban space and the way we experience it -- page 4 of cover.
600 10 - SUBJECT ADDED ENTRY--PERSONAL NAME
Personal name Hertzberger, Herman
Form subdivision Catalogs.
650 #0 - SUBJECT ADDED ENTRY--TOPICAL TERM
Topical term or geographic name as entry element Architecture, Dutch
General subdivision History
Chronological subdivision 20th century
Form subdivision Catalogs.
650 #0 - SUBJECT ADDED ENTRY--TOPICAL TERM
Topical term or geographic name as entry element Architecture, Dutch
General subdivision History
Chronological subdivision 21st century
Form subdivision Catalogs.
700 1# - ADDED ENTRY--PERSONAL NAME
Personal name McCarter, Robert,
Dates associated with a name 1955-
Relator term author.
942 ## - ADDED ENTRY ELEMENTS (KOHA)
Source of classification or shelving scheme
Holdings
Withdrawn status Lost status Source of classification or shelving scheme Damaged status Koha normalized classification for sorting Not for loan Permanent location Current location Date acquired Full call number Barcode Date last seen Price effective from Koha item type
        720_000000000000000_92HER   BMS College of Architecture, Design and Planning BMS College of Architecture, Design and Planning 2020-05-13 720.92HER ar-ug1484 2020-05-13 2020-05-13 UG Books
Copyright © 2025, The Librarian, Library and Information Centre, BMSCA D&P, Bengaluru. All Rights Reserved
web counter

Powered by Koha